Регионална библиотека "Любен Каравелов" - Русе

Диви кинозвезди (Запис номер 152537)

MARC детайли
000 -Лидер
Контролно поле с фиксирана дължина 01551nam a2200325 c 4500
003 - Код на организацията, давaща контролен номер
Контролно поле BLK
005 - Дата и час на последна редакция
Контролно поле 20180422113147.0
008 - Елементи от данни с фиксирана дължина
fixed length control field 180410b bul|||||r ||||||| ||bul||
010 ## - Наследен системен номер
LC control number KNG00159024000
040 ## - Източник на каталожния запис
Идентификатор на билиотеката - собственик на записа BLK
041 ## - Код за език
Код за езика на текст/звукозапис или на отделно заглавие Български
Код за езика КДБФ Български
080 ## - УДК
Текстов определител УДК Зоология. Вж и 636
УДК код - определител по УДК 59
УДК определител
УДК - код + определител 59
080 ## - УДК
Текстов определител УДК Английска литература
УДК код - определител по УДК 821.111
УДК определител -4
УДК - код + определител 821.111-4
100 1# - Редна дума - Автор
Автор Даръл, Джералд
Авторска отговорност първи автор
R(LIN) 252585
139 ## - Редно поле
Редна дума Даръл, Джералд
Авторски знак Дар - Д 23
245 10 - Сведения за заглавието
Заглавие Диви кинозвезди
Подзаглавни данни Докум. очерци
Редно поле (дума) Джералд Даръл; прев. от англ. Владимир Цонев Ганев; с предг. от Петър Берон.
257 ## - Страна на издаване
Страна на създаване/издаване Великобритания
260 ## - Област на издателските данни
-- София
Име на издателя, разпространителя и проч. Земиздат
Година на издаване 1988
300 ## - Физическа характеристика
Страници 184 с.
Илюстрации и др. с ил.
Размери/Мащаб 20 см
380 ## - Жанр
Жанр Естествени науки. Математика
490 1# - СЕРИИ (Колекции)
Име на серия Библиотека Екологичен свят
500 ## - Общи забележки
Забележка Ориг. загл How to shoot an amateur naturalist / Gerald Durell - Пътешествия по повод снимането на научнопопул. филм за дивите животни.
700 1# - Други автори (авторска отговорност)
Лично име Ганев, Владимир Цонев
Автороска отговорност (Описва отношението между автора и произведението) прев. от англ.
9 (RLIN) 366132
700 1# - Други автори (авторска отговорност)
Лично име Берон, Петър
Автороска отговорност (Описва отношението между автора и произведението) с предг. от
Друга информация Атанасов, Петър Хаджиберович
9 (RLIN) 380796
852 ## - Местоположение
Форматна сигнатура Цб 151619
856 4# - Електронен адрес и достъп
Електронен формат pdf - файл
Път до файла /url/
856 4# - Електронен адрес и достъп
Електронен формат pdf - файл
Път до файла /url/
942 ## - АРТИКУЛИ
Вид на библиотечния материал Книги
Скрит в OPAC Не
944 ## - СЪЗДАВАНЕ И РЕДАКЦИЯ на ЗАПИСА
Създаване/Редакция Създаване
Дата на регистрацията/редакция 02.04.2014
Статус, дата на статуса 02.04.2014 - от С1,Р / 02.04.2014
Служител, извършил регистрацията/редакцията Геновева_Генчева
944 ## - СЪЗДАВАНЕ И РЕДАКЦИЯ на ЗАПИСА
Създаване/Редакция Редакция
Дата на регистрацията/редакция 03.04.2014
Статус, дата на статуса 02.04.2014 - от С1,Р / 02.04.2014
Служител, извършил регистрацията/редакцията
999 ## - СИСТЕМНИ КОНТРОЛНИ НОМЕРА
Koha biblionumber 152537
Koha biblioitemnumber 152537
Наличности
Код за отписване Код за изгубен артикул Източник на класификационната схема Код за повреда Коз за рестрикции Код за отдаване Артикулен № Име на библиотеката - собственик Име на библиотеката, в която се намира в момента Статус (Текущо местоположение) Дата на вписване в системата Местоположение - отдел Цена в лева Инвентарен номер Систематично азбучна сигнатура Баркод Номер на екземпляра Цена в евро Служебна бележка Служебен тип на артикула
  Не е изгубен Universal Decimal Classification Не е повреден без рестрикции ползва се в читалня 254908 Регионална библиотека "Любен Каравелов" Русе Регионална библиотека "Любен Каравелов" Русе Хранилище 1988-01-01 Хранилище 1.10 493508 Цб 151619 120000493508 1 0.56 N: стар фонд Дата: 01.01.1988 Книги
Изтеглен Не е изгубен Universal Decimal Classification Не е повреден без рестрикции заемане за дома 254909 Регионална библиотека "Любен Каравелов" Русе Регионална библиотека "Любен Каравелов" Русе Заемна - подръчен фонд 1988-01-01 Заемна - подръчен фонд 1.10 496193 П 59/Д 23 496193 2 0.56 N: стар фонд Дата: 01.01.1988 Книги
Изтеглен Не е изгубен Universal Decimal Classification Не е повреден без рестрикции заемане за дома 254910 Регионална библиотека "Любен Каравелов" Русе Регионална библиотека "Любен Каравелов" Русе Заемна - подръчен фонд 1988-01-01 Заемна - подръчен фонд 1.10 496194 П 59/Д 23 496194 3 0.56 N: стар фонд Дата: 01.01.1988 Книги
Изтеглен Не е изгубен Universal Decimal Classification Не е повреден без рестрикции заемане за дома 254911 Регионална библиотека "Любен Каравелов" Русе Регионална библиотека "Любен Каравелов" Русе Детски отдел 1988-01-01 Детски отдел 1.10 624719 ДН 59/Д 23 624719 4 0.56 N: стар фонд Дата: 01.01.1988 Дата инв: 01.10.2015 Бележки инв: Д2015 Книги
Vip Innovations Ltd, Rousse, Bulgaria 2025